| 000 | 00559cam a22001814a 4500 | ||
|---|---|---|---|
| 001 | 14082605 | ||
| 005 | 20250617082044.0 | ||
| 008 | 050822s2005 miu 000 0 eng | ||
| 020 | _a0802829430 (pbk. : alk. paper) | ||
| 050 | 0 | 0 |
_aBS445 _b.S58 2005 |
| 082 | 0 | 0 |
_a220.09 _222 |
| 100 | 1 | _aSmith, Charles Merrill. | |
| 245 | 1 | 0 |
_aHow the Bible was built / _cCharles Merrill Smith, James W. Bennett. |
| 260 |
_aGrand Rapids, Mich. : _bW.B. Eerdmans Pub., _cc2005. |
||
| 300 |
_axi, 97 p. ; _c21 cm. |
||
| 700 | 1 |
_aBennett, James W., _d1942- |
|
| 942 |
_2lcc _cBK _n0 |
||
| 999 |
_c6526 _d6526 |
||